| 000 | 01312nam a2200337 a 4500 | ||
|---|---|---|---|
| 001 | 000111628 | ||
| 003 | CHAP | ||
| 005 | 20220329144222.0 | ||
| 008 | 150622s2015 mx a |sm |||||||spa d | ||
| 010 | _a108089 | ||
| 011 | _a109061 | ||
| 040 | _cCHAP | ||
| 090 | _aTesis | ||
| 100 | 1 |
_aCruz Cuevas, Gabriela _9129525 |
|
| 245 | 1 | 0 |
_aDiagnóstico del estado actual de los recursos naturales en el municipio de Valle de Santiago, Guanajuato _h[En línea] _cpor Gabriela Cruz Cuevas y Fernando Dolores Becerra. |
| 260 |
_aChapingo, Méx. : _bEl autor, _c2015. |
||
| 500 | _aPara ver el contenido del material haga clic en la liga | ||
| 502 | _aTesis (Ing. en Recursos Naturales Renovables) -- UACH. Departamento de Suelos | ||
| 590 |
_aBATCH-UPD _b05 _c20150622 _lUCH01 _h1436 |
||
| 590 |
_aE11695DGD _b10 _c20150623 _lUCH01 _h0906 |
||
| 590 |
_aE5652GLJ _b05 _c20150622 _lUCH01 _h1232 |
||
| 590 |
_aE5652GLJ _b05 _c20150622 _lUCH01 _h1232 |
||
| 590 |
_aE5652GLJ _b05 _c20150622 _lUCH01 _h1435 |
||
| 650 | 1 | 4 |
_aInventario de recursos naturales _zGuanajuato. _9129547 |
| 650 | 1 | 4 |
_aRecursos naturales _xConservación _zGuanajuato. _995262 |
| 700 | 1 |
_aDolores Becerra, Fernando _9129526 |
|
| 856 |
_aFinding aid _uhttp://10.13.5.2/tesis/sist111628.pdf _zTeclea aquí |
||
| 901 | _aBK | ||
| 942 | _cTESIS | ||
| 942 | _n0 | ||
| 999 |
_c108089 _d108089 |
||